| 000 | 00771nam a2200217 i 4500 | ||
|---|---|---|---|
| 001 | 53644 | ||
| 003 | ES-MaACL | ||
| 005 | 20230906162813.0 | ||
| 007 | t| | ||
| 008 | 960702s1835 sp |||| | spa d | ||
| 040 |
_aCAM _bspa _cCAM |
||
| 080 | _a355.48(460)"1823" | ||
| 100 | 1 |
_aFernandez, Agustín Severiano. _949329 |
|
| 245 | 1 | 0 |
_aViage a Cadiz de un miliciano nacional de Madrid en 1823 / _cpor D. Agustín Severiano Fernández. |
| 260 |
_aMadrid : _b[s.n.], _c1835 ( _fImp. de D. León Amarita) |
||
| 300 |
_aVI, 74 p. ; _c15 cm. |
||
| 530 | _aDisponible en formato digital. | ||
| 650 | 4 |
_aTrocadero, Batalla de, 1823. _9165109 |
|
| 852 |
_aES-MaACL _jT-1458-F-1 |
||
| 856 |
_uhttp://bdh-rd.bne.es/viewer.vm?id=0000081258&page=1 _zBiblioteca Digital Hispánica |
||
| 999 |
_c53644 _d53644 |
||